Constellations de l'Équateur céleste - Statistiques

Statistiques générales
  • Ce quiz a été pris 17 fois
  • Le résultat moyen est 10 sur 15
Statistiques - réponses
Constellation % Correct
Vierge
100%
Taureau
94%
Verseau
94%
Orion
88%
Poissons
88%
Lion
81%
Serpent
75%
Aigle
63%
Baleine
63%
Hydre
56%
Ophiuchus
50%
Éridan
44%
Licorne
44%
Petit Chien
38%
Sextant
38%
Aucun quiz correspondant
Distribution des résultats
% des personnes avec chaque résultat
Percentile par nombre de réponses
Votre historique - résultats
Vous n’avez pas pris ce quiz